000 00611nam a2200193 i 4500
001 64041
003 ES-MaACL
005 20240124150540.0
007 t|
008 031219s1933 fr ||||1| fre d
100 1 _aFiser, Emeric.
_951020
245 1 2 _aL'esthétique de Marcel Proust /
_cEmeric Fiser ; préface de Valery Larbaud.
260 _aParis :
_b[s.n.],
_c1933 (
_eNiort :
_fSaint-Denis)
300 _a217 p. ;
_c19 cm.
600 1 7 _aProust, Marcel,
_d1871-1922-
_xCrítica e interpretación
_2
_9137491
700 1 _aLarbaud, Valéry.
_970226
852 _aES-MaACL
_jA-3608
999 _c64041
_d64041